| 000 | 00620nam a2200193 a 4500 | ||
|---|---|---|---|
| 005 | 20210219154958.0 | ||
| 008 | 041025s1993 mx r 000 0 spa d | ||
| 020 | _a9507551050 | ||
| 035 | _aUPN01000135989 | ||
| 049 | _aCG | ||
| 050 | 4 |
_aMT3 A7 _bD5.2 |
|
| 100 | 1 | _aDíaz, Mario César | |
| 245 | 1 | 3 |
_aEl aprendizaje de la música en el nivel medio : _ben la escuela media mi amiga es la música / _cMario César Díaz. |
| 260 | 0 | 0 |
_aBuenos Aires : _bBraga, _c1993. |
| 300 |
_a170 p. : _bil. |
||
| 440 | 0 | _aDidáctica operativa | |
| 650 | 4 |
_aMUSICA - _xESTUDIO Y ENSEÑANZA (SECUNDARIA)- _zARGENTINA |
|
| 905 | _aLibro | ||
| 999 |
_c108140 _d108140 |
||